000 00845nac a22002297a 4500
001 BR8707387
003 BR-BrBNA
005 20240105120630.0
008 230509b bl.|||m| |||| 00| 0 por d
040 _aBR-BrBNA
_bpor
_cBiblioteca Nacional de Agricultura
072 _aH01
090 _a3882 BR8707387
110 1 _aEmpresa Brasileira de Assistencia Tecnica e Extensao Rural, Brasilia, DF (Brasil)
245 1 _aIscas economicas para matar ratos
_bBeneficiamento, embalagem, conservacao, transformacao e armazenagem
260 3 _aBrasilia, DF (Brasil):
_c1986.
300 _ap. 35
490 _aFichario de Tecnologias Adaptadas - Empresa Brasileira de Assistencia Tecnica e Extensao Rural (Brazil)
_vv. 27(636)
_x
650 _aISCA
650 _aRATICIDA
909 _a202312
_bLúcia Elande
_c55
_dLúcia Elande
942 _2AGRIS
_n0
_cMS
999 _c280574
_d280574